Funkcia odložených daní a ich ohodnocovanie

Úzka súvislosť medzi odloženou daňovou pohľadávkou a odloženým daňovým záväzkom. Vznik odložených daňových pohľadávok a záväzkov. Prehodnotenie odložených daňových pohľadávok a ich ohodnocovanie. Ohodnocovanie odložených daní.

Gespeichert in:
Bibliographische Detailangaben
1. Verfasser: Harumová, Anna, 1955-
Format: Buchkapitel
Sprache:Slowakisch
Schlagworte:
Tags: Tag hinzufügen
Keine Tags, Fügen Sie das erste Tag hinzu!

MARC

LEADER 00000naa$a2200000$$$4500
001 0022924
005 20240502071415.4
041 0 |a slo 
044 |a SK 
245 1 0 |a Funkcia odložených daní a ich ohodnocovanie  |c Anna Harumová 
520 |a Úzka súvislosť medzi odloženou daňovou pohľadávkou a odloženým daňovým záväzkom. Vznik odložených daňových pohľadávok a záväzkov. Prehodnotenie odložených daňových pohľadávok a ich ohodnocovanie. Ohodnocovanie odložených daní. 
610 2 0 |a dane odložené 
610 2 0 |a pohľadávky 
610 2 0 |a záväzky 
610 2 0 |a hodnota 
100 1 |a Harumová, Anna, 1955-